[Event "Begonia op 49th"]
[Site "Ballarat"]
[Date "2015.03.07"]
[Round "5"]
[White "Pyke, Malcolm"]
[Black "Ghumman, Shumsheer"]
[Result "1-0"]
[WhiteElo "2083"]
[BlackElo "1795"]
[PlyCount "67"]
[EventDate "2015.03.07"]
[EventType "swiss"]
[EventRounds "7"]
[EventCountry "AUS"]
[SourceTitle "EXT 2019"]
[Source "ChessBase"]
[SourceDate "2018.10.10"]
[SourceVersion "1"]
[SourceVersionDate "2018.10.10"]
[SourceQuality "1"]

1. Nf3 Nf6 2. d4 g6 3. c4 Bg7 4. Nc3 d5 5. Bf4 c5 6. e3 Nc6 7. h3 0-0 8. dxc5 Qa5 9. Rc1 Ne4 10. cxd5 Nxc3 11. bxc3 Bxc3+ 12. Nd2 Ne5 13. Qc2 Bxd2+ 14. Qxd2 Qxd2+ 15. Kxd2 f6 16. e4 g5 17. Bxe5 fxe5 18. f3 h5 19. Bc4 Kg7 20. Rb1 Rf6 21. Ke3 h4 22. Rb2 Kh6 23. Rhb1 Kg6 24. a4 b6 25. c6 Rd6 26. a5 e6 27. Ra1 b5 28. Rxb5 Ba6 29. Rab1 Bxb5 30. Rxb5 Kf6 31. Rb7 exd5 32. exd5 a6 33. Ke4 Rad8 34. Rb6 1-0